000 00753nam a2200205 i 4500
001 39594
003 ES-MaACL
005 20231221152302.0
007 t|
008 030303m18741876sp |||| | spa d
100 1 _aCanalejas, José,
_d1854-1912
_934382
245 1 0 _aApuntes para un curso de literatura latina /
_credactados por José Canalejas y Méndez.
260 _aMadrid. :
_b[s.n.],
_c1874-1876 (
_fManuel Martínez)
300 _a2 t. en 1 v. ;
_c22 cm.
530 _aDisponible en formato digital.
650 0 4 _aLiteratura latina-
_xHistoria y crítica.
_914633
852 _aES-MaACL
_jR-2233. B-12460.
856 _uhttp://bdh-rd.bne.es/viewer.vm?id=0000135176&page=1
_zBiblioteca Digital Hispánica
999 _c39594
_d39594